000 00945nam a2200241 a 4500
001 000942098
003 AM-YeHGA
005 20250617161100.0
008 130124s1964 ||||||||||||||||||||rus d
040 _aAM-YeHGA
041 1 _arus
_heng
245 0 0 _aДиабет :
_bПер. с англ. /
_cПод ред. Р. Уильямса; Пер. Е.А. Яновской, Под ред. и с предисл. С.М. Лейтеса .
246 1 1 _aDiabetes
260 _aМосква :
_bМедицина,
_c1964.
300 _a603 с. :
_bил.
534 _pОригинал на англ. :
_iDiabetes /
_aEdited by R.H. Williams -
_cPaul B. Hoeber. INC., 1960 .
650 1 4 _aЭндокринология
650 1 4 _aСахарный диабет
700 1 _aУильямс, Р.
_eред.
_4edt
700 1 _aЛейтес, С.М.
_eред.
_4edt
_eпредисл.
_4aui
700 1 _aЯновская, Е.А.
_eпер.
_4trl
090 _c468390
999 _c465192
_d465192